Every Jhene Aiko Song on the Billboard Hot 100 - Statistics

General Stats
  • This quiz has been taken 59 times
    36 since last reset
  • The average score is 4 of 15
Answer Stats
# Year Song % Correct
43 2014 The Worst
70%
24 2020 B.S. ft. H.E.R.
67%
55 2019 None Of Your Concern ft. Big Sean
58%
40 2020 P*$$Y Fairy (OTW)
55%
51 2019 Triggered
52%
13 2015 Post To Be (Omarion) ft. Chris Brown
36%
67 2013 From Time (Drake)
21%
65 2020 Happiness Over Everything (H.O.E.) ft. Future & Miguel
21%
61 2019 I'll Kill You (Summer Walker)
21%
58 2021 Back To The Streets (Saweetie)
15%
38 2013 Beware (Big Sean) ft. Lil Wayne
12%
95 2020 Body Language (Big Sean) ft. Ty Dolla $ign
9%
44 2017 It's A Vibe (2 Chainz) ft. Ty Dolla $ign & Trey Songz
9%
80 2020 Change Your Life (Kehlani)
3%
74 2018 Sative ft. Swae Lee & Rae Sremmurd
0%
No matching quizzes found
Score Distribution
Percent of People with Each Score
Percentile by Number Answered
Your Score History
You have not taken this quiz since the last reset